Diagnostic Medical Sonography Obstetrics and Gynecology (Record no. 9635)

MARC details
000 -LEADER
fixed length control field 00627nam a22002177a 4500
003 - CONTROL NUMBER IDENTIFIER
control field OSt
005 - DATE AND TIME OF LATEST TRANSACTION
control field 20260417133425.0
008 - FIXED-LENGTH DATA ELEMENTS--GENERAL INFORMATION
fixed length control field 260417b |||||||| |||| 00| 0 eng d
020 ## - INTERNATIONAL STANDARD BOOK NUMBER
International Standard Book Number 9781975176983
040 ## - CATALOGING SOURCE
Transcribing agency NLM
082 ## - DEWEY DECIMAL CLASSIFICATION NUMBER
Classification number WN445 R111d 2023
100 ## - MAIN ENTRY--PERSONAL NAME
Personal name Raatz, Susan Stephenson; Dmitrieva, Julia
9 (RLIN) 19588
245 ## - TITLE STATEMENT
Title Diagnostic Medical Sonography Obstetrics and Gynecology
250 ## - EDITION STATEMENT
Edition statement 5th ed.
260 ## - PUBLICATION, DISTRIBUTION, ETC. (IMPRINT)
Place of publication, distribution, etc. Philadelphia; Wolters kluwer, 2023
504 ## - BIBLIOGRAPHY, ETC. NOTE
Bibliography, etc References, & index included
650 ## - SUBJECT ADDED ENTRY--TOPICAL TERM
Topical term or geographic name as entry element Diagnostic imagining
9 (RLIN) 19589
650 ## - SUBJECT ADDED ENTRY--TOPICAL TERM
Topical term or geographic name as entry element Obstetrics
9 (RLIN) 5
650 ## - SUBJECT ADDED ENTRY--TOPICAL TERM
Topical term or geographic name as entry element Gynecology
9 (RLIN) 1956
942 ## - ADDED ENTRY ELEMENTS (KOHA)
Source of classification or shelving scheme Other/Generic Classification Scheme
Koha item type Open Shelf
Holdings
Withdrawn status Lost status Source of classification or shelving scheme Damaged status Not for loan Home library Current library Date acquired Source of acquisition Inventory number Total Checkouts Full call number Barcode Date last seen Koha item type
    Other/Generic Classification Scheme     MUST Main Library MUST Main Library 17/04/2026 Purchase 26/42581   WN 445 R111d 2023 2026-0134 17/04/2026 Open Shelf
    Other/Generic Classification Scheme     MUST Main Library MUST Main Library 17/04/2026 Purchase 26/42582   WN 445 R111d 2023 2026-0135 17/04/2026 Open Shelf
    Other/Generic Classification Scheme     MUST Main Library MUST Main Library 17/04/2026 Purchase 26/42583   WN 445 R111d 2023 2026-0136 17/04/2026 Open Shelf